Artificial Intelligence and machine learning/ (Record no. 196962)

MARC details
000 -LEADER
fixed length control field 00581nam a22001817a 4500
005 - DATE AND TIME OF LATEST TRANSACTION
control field 20231016111525.0
010 ## - LCCN (DPL NO)
LC control number ENG-137761
020 ## - INTERNATIONAL STANDARD BOOK NUMBER
International Standard Book Number 9789395422970
Terms of availability 400.00
035 ## - SYSTEM CONTROL NUMBER
System control number EN-121292
037 ## - SOURCE OF ACQUISITION
Source of stock number/acquisition DBAD
082 ## - DEWEY DECIMAL CLASSIFICATION NUMBER
Classification number 600
100 ## - MAIN ENTRY--PERSONAL NAME
Personal name Rajasekar, Janani
245 ## - TITLE STATEMENT
Title Artificial Intelligence and machine learning/
Statement of responsibility, etc Janani Rajasekar...[et.al]
260 ## - PUBLICATION, DISTRIBUTION, ETC. (IMPRINT)
Place of publication, distribution, etc Tamil Nadu
Name of publisher, distributor, etc Shanlax Publication
Date of publication, distribution, etc 2022
270 ## - ADDRESS
Address 66 t.p.k. main road vasantha nagara ,madhurai-625003
City Madurai
Postal code 625003
300 ## - PHYSICAL DESCRIPTION
Extent 245p.
Dimensions 25cm(Pbk)
942 ## - ADDED ENTRY ELEMENTS (KOHA)
Source of classification or shelving scheme Dewey Decimal Classification
Item type English Books
Classification part 600
Call number suffix RAJ
Holdings
Withdrawn status Lost status Not for loan Collection code Home library Current library Date acquired Source of acquisition Cost, normal purchase price Full call number Barcode Copy number Cost, replacement price Koha item type
      Non-fiction Vinoba Puri Vinoba Puri 10/08/2023 DBAD/PUB 400.00 600 RAJ EN-121292 1 400.00 English Books

© Delhi Public Library
Hit Counter
free hit counter